00957nam a22002537a 45000010005000000030006000050050017000110080041000280200018000690400029000870500014001160820008001301000027001382450056001652600043002213000044002644900028003085050008003365200251003445210020005955210020006156500025006357000043006605164FISKH20241108114931.0241108b cb ||||| |||| 00| 0 eng d a9780140348101 aFISKHbengcFISKHdFISKH aPZ7.G2933 a813 aGeorge, Jean Craighead aMy Side of the Mountain /cby Jean Craighead George aNew York : bPeinguin Groups ;c1959 . a177 pages : billustrations ;c20 cm .  aMy Side of the Mountain aT  aA young boy relates his adventures during the year he spends living alone in the Catskill Mountains including his struggle for survival, his dependence on nature, his animal friends, and his ultimate realization that he needs human companionship.8 a810 bLexile 8 aT bRaz-plus  achildren's vfiction aGeorge , Jean Craighead eillustrator